000 00862nam a22002897a 4500
001 BR6001744
003 BR-BrBNA
005 20230928083104.0
007 ta
008 230509b bl.||||| |||| 00| 0 por d
040 _aBR-BrBNA
_bpor
_cBiblioteca Nacional de Agricultura
041 _a(Por)
072 _aE15
_b8890
_b/G514
090 _ 8890 BR6001744
110 1 _aSubsecretaria de Planejamento e Orcamento, Brasilia, DF (Brasil). Escritorio de Estatistica
_99994
245 1 _aPeles e couros de animais silvestres 1970 [Microeconomia; Custo de producao; Brasil]
260 3 _aBrasilia, DF (Brasil):
_c1971.
300 _a39 p.
500 _aNumerical data
650 _aMicroeconomia
650 _aAnimal selvagem
650 _aPele
650 _aCouro
650 _aCusto de producao
909 _a202309
_bLucia
_c55
_dLucia Elande
942 _cBK
999 _c11501
_d11501